| 000 | 00753cam a22002653a 4500 | ||
|---|---|---|---|
| 001 | 32592 | ||
| 003 | PGUSA | ||
| 005 | 20140828083715.0 | ||
| 008 | 100530s2010||||xxu|||||s|||||000 1 eng d | ||
| 040 |
_aPGUSA _beng |
||
| 042 | _adc | ||
| 050 | 4 | _aPS | |
| 100 | 1 |
_aFyfe, H. B. _q(Horace Bowne), _d1918-1997 |
|
| 245 | 1 | 0 |
_aLet There Be Light _h[electronic resource] / _cH. B. Fyfe |
| 260 |
_bProject Gutenberg, _c2010 |
||
| 506 | _aPublic domain in the USA. | ||
| 516 | _aElectronic text | ||
| 653 | _aPost-apocalyptic fiction | ||
| 653 | _aRegression (Civilization) -- Fiction | ||
| 653 | _aShort stories | ||
| 653 | _aScience fiction | ||
| 830 | 0 |
_aProject Gutenberg _v32592 |
|
| 856 | 4 | 0 | _uhttp://www.gutenberg.org/ebooks/32592 |
| 942 | _cEB | ||
| 999 |
_c261847 _d261847 |
||